[Event "CUB-ch 59th"]
[Site "Holguin"]
[Date "2023.02.07"]
[Round "6"]
[White "Diaz Murgada, Rider"]
[Black "Albornoz Cabrera, Carlos Daniel"]
[Result "1-0"]
[WhiteElo "2441"]
[BlackElo "2576"]
[PlyCount "149"]
[EventDate "2023.02.02"]
[EventType "tourn"]
[EventRounds "11"]
[EventCountry "CUB"]
[EventCategory "10"]
[SourceTitle "CBM 212 Extra"]
[Source "ChessBase"]
[SourceDate "2023.03.31"]
[SourceVersion "1"]
[SourceVersionDate "2023.03.31"]
[SourceQuality "1"]

1. e4 c5 2. Nf3 d6 3. d4 cxd4 4. Nxd4 Nf6 5. Nc3 a6 6. Bg5 Nbd7 7. Bc4 Qb6 8. Bb3 e6 9. Bxf6 Nxf6 10. Qd2 Nd7 11. 0-0-0 Nc5 12. f4 Bd7 13. f5 Be7 14. fxe6 fxe6 15. Rhf1 Bf6 16. Kb1 0-0 17. Rfe1 Nxb3 18. axb3 Rac8 19. Nf3 Be7 20. Ne5 Bb5 21. Nxb5 Qxb5 22. Nc4 Qc5 23. Re2 Rcd8 24. Qd3 b5 25. Nd2 Bf6 26. Nf3 a5 27. Qe3 Qxe3 28. Rxe3 Kf7 29. c3 Ke7 30. Red3 g6 31. Kc2 Bg7 32. Ra1 Ra8 33. Rdd1 h6 34. Rf1 g5 35. h3 b4 36. Kd3 Rfc8 37. Rfc1 bxc3 38. bxc3 Rc7 39. Ra4 Rac8 40. e5 Rc5 41. exd6+ Kxd6 42. c4 Rf5 43. Rb1 Rb8 44. b4 Rxb4 45. Rbxb4 axb4 46. Rxb4 Kc7 47. Ra4 Kb7 48. Ke3 h5 49. Nd2 g4 50. hxg4 hxg4 51. Ne4 Rf1 52. Ra2 Re1+ 53. Re2 Bh6+ 54. Kf2 Rd1 55. Kg3 Rd4 56. Nc5+ Kc6 57. Rxe6+ Kxc5 58. Rxh6 Rxc4 59. Rg6 Kd5 60. Rxg4 Rc3+ 61. Kh4 Ke6 62. Rf4 Rc8 63. g4 Rh8+ 64. Kg5 Rg8+ 65. Kh6 Ke5 66. Ra4 Rh8+ 67. Kg7 Rb8 68. g5 Kf5 69. g6 Rb7+ 70. Kh6 Rb1 71. Ra5+ Kf6 72. Ra6+ Kf5 73. Kh7 Rh1+ 74. Kg8 Rh6 75. Kf7 1-0

[Event "CUB-ch 59th"]
[Site "Holguin"]
[Date "2023.02.04"]
[Round "3"]
[White "Almeida Quintana, Omar"]
[Black "Diaz Murgada, Rider"]
[Result "1-0"]
[WhiteElo "2531"]
[BlackElo "2441"]
[PlyCount "83"]
[EventDate "2023.02.02"]
[EventType "tourn"]
[EventRounds "11"]
[EventCountry "CUB"]
[EventCategory "10"]
[SourceTitle "CBM 212 Extra"]
[Source "ChessBase"]
[SourceDate "2023.03.31"]
[SourceVersion "1"]
[SourceVersionDate "2023.03.31"]
[SourceQuality "1"]

1. d4 d5 2. Nf3 Nf6 3. c4 e6 4. Nc3 Be7 5. Bg5 h6 6. Bh4 0-0 7. e3 Nbd7 8. Qc2 c5 9. Rd1 Qa5 10. a3 Rd8 11. cxd5 Nxd5 12. Bxe7 Nxe7 13. dxc5 Qxc5 14. Bd3 Nc6 15. Bh7+ Kh8 16. b4 Qe7 17. Be4 a5 18. b5 Nce5 19. 0-0 Rf8 20. Na4 f5 21. Nxe5 Nxe5 22. Qc3 Nf7 23. Bc2 Bd7 24. Qc7 Rac8 25. Qxd7 Qxd7 26. Rxd7 Rxc2 27. Rxb7 Nd6 28. Rb6 Nc4 29. Rxe6 Rb8 30. b6 Ra2 31. Rc6 Nd2 32. Rd1 Rxa3 33. Nb2 Ne4 34. Nc4 Rb3 35. f3 Nf6 36. Ra1 Nd5 37. Rxa5 Nxe3 38. Nxe3 Rxe3 39. Rb5 Kh7 40. h4 Re2 41. h5 Rb7 42. Rc7 1-0

[Event "Guillermo Garcia Memorial-B"]
[Site "Santa Clara"]
[Date "2022.05.07"]
[Round "7"]
[White "Diaz Murgada, Rider"]
[Black "Lopez Rayo, Santiago"]
[Result "1-0"]
[WhiteElo "2430"]
[BlackElo "2226"]
[PlyCount "83"]
[EventDate "2022.04.30"]
[EventType "tourn"]
[EventRounds "9"]
[EventCountry "CUB"]
[EventCategory "3"]
[SourceTitle "CBM 208 Extra"]
[Source "ChessBase"]
[SourceDate "2022.07.31"]
[SourceVersion "1"]
[SourceVersionDate "2022.07.31"]
[SourceQuality "1"]

1. d4 Nf6 2. g3 g6 3. Bg2 Bg7 4. Nf3 0-0 5. 0-0 d6 6. b3 Nc6 7. Bb2 e5 8. dxe5 Ng4 9. Qc1 Ngxe5 10. Rd1 Re8 11. Nxe5 Nxe5 12. c4 Rb8 13. Nc3 Bd7 14. Qd2 Bc6 15. Nd5 Bxd5 16. cxd5 Nd7 17. Bxg7 Kxg7 18. Rac1 Rc8 19. Rc2 b6 20. Rdc1 a5 21. a3 f5 22. e3 Kf7 23. b4 axb4 24. axb4 Re7 25. Rc4 Ne5 26. Rh4 Kg8 27. e4 fxe4 28. Rxe4 Nf7 29. Re6 c5 30. bxc5 bxc5 31. Rce1 Rcc7 32. h4 c4 33. Qc3 Ne5 34. Re3 Rxe6 35. dxe6 Re7 36. Qd4 Qb8 37. Bd5 Qb4 38. Kg2 h5 39. Re2 Kh7 40. Rb2 Qa4 41. Qf4 Qa7 42. Qf8 1-0

[Event "Moncada Cup-A"]
[Site "Santiago de Cuba"]
[Date "2019.03.28"]
[Round "9.1"]
[White "Diaz Murgada, Rider"]
[Black "Martinez Ramirez, Lennis"]
[Result "1/2-1/2"]
[WhiteElo "2443"]
[BlackElo "2448"]
[PlyCount "39"]
[EventDate "2019.03.20"]
[EventType "tourn"]
[EventRounds "10"]
[EventCountry "CUB"]
[EventCategory "7"]
[SourceTitle "EXT 2023"]
[Source "ChessBase"]
[SourceDate "2022.10.05"]
[SourceVersion "1"]
[SourceVersionDate "2022.10.05"]
[SourceQuality "1"]

1. e4 c6 2. d4 d5 3. Bd3 dxe4 4. Bxe4 Nf6 5. Bf3 Bf5 6. Ne2 e6 7. 0-0 Nbd7 8. Nbc3 Be7 9. Bf4 0-0 10. Ng3 Bg6 11. Re1 Bb4 12. Bd2 Nd5 13. Nxd5 Bxd2 14. Qxd2 exd5 15. Bg4 Nf6 16. Bf3 Qd6 17. Re2 Rfe8 18. Rae1 Kf8 19. c3 Rxe2 20. Rxe2 1/2-1/2

[Event "Moncada Cup-A"]
[Site "Santiago de Cuba"]
[Date "2019.03.26"]
[Round "7.2"]
[White "Diaz Perez, Michel Alejandro"]
[Black "Diaz Murgada, Rider"]
[Result "1/2-1/2"]
[WhiteElo "2418"]
[BlackElo "2443"]
[PlyCount "39"]
[EventDate "2019.03.20"]
[EventType "tourn"]
[EventRounds "10"]
[EventCountry "CUB"]
[EventCategory "7"]
[SourceTitle "EXT 2023"]
[Source "ChessBase"]
[SourceDate "2022.10.05"]
[SourceVersion "1"]
[SourceVersionDate "2022.10.05"]
[SourceQuality "1"]

1. d4 d5 2. c4 e6 3. Nc3 Nf6 4. Nf3 Be7 5. cxd5 exd5 6. Bf4 c6 7. e3 Bf5 8. Bd3 Bxd3 9. Qxd3 0-0 10. 0-0 Nbd7 11. Ne5 Nxe5 12. Bxe5 Bd6 13. Bxd6 Qxd6 14. Rab1 a5 15. a3 Rfe8 16. b4 axb4 17. axb4 Ne4 18. Nxe4 Rxe4 19. Ra1 Ree8 20. Qc3 1/2-1/2

[Event "Moncada Cup-A"]
[Site "Santiago de Cuba"]
[Date "2019.03.23"]
[Round "4.1"]
[White "Martinez Ramirez, Lennis"]
[Black "Diaz Murgada, Rider"]
[Result "1-0"]
[WhiteElo "2448"]
[BlackElo "2443"]
[PlyCount "83"]
[EventDate "2019.03.20"]
[EventType "tourn"]
[EventRounds "10"]
[EventCountry "CUB"]
[EventCategory "7"]
[SourceTitle "EXT 2023"]
[Source "ChessBase"]
[SourceDate "2022.10.05"]
[SourceVersion "1"]
[SourceVersionDate "2022.10.05"]
[SourceQuality "1"]

1. d4 Nf6 2. c4 e6 3. Nf3 d5 4. Nc3 dxc4 5. e3 a6 6. Bxc4 b5 7. Bd3 Bb7 8. 0-0 Nbd7 9. a4 b4 10. Nb1 c5 11. Nbd2 Be7 12. a5 0-0 13. Qe2 Qb8 14. Nc4 Ng4 15. e4 cxd4 16. h3 Ngf6 17. Nxd4 Nc5 18. e5 Nxd3 19. Qxd3 Nd5 20. Qg3 Rc8 21. Bh6 g6 22. Rac1 Qa7 23. Qg4 Rd8 24. Rfd1 Qb8 25. h4 Re8 26. h5 Qd8 27. hxg6 hxg6 28. Nb6 Nxb6 29. Nc6 Qxd1+ 30. Qxd1 Bxc6 31. Rxc6 Nd5 32. Qd3 Bd8 33. Rc5 Be7 34. Rc4 Bd8 35. Rg4 Kh7 36. Bd2 Be7 37. Qh3+ Kg8 38. Rg3 Bf8 39. Bg5 Bg7 40. f4 Rac8 41. Qh4 Rc4 42. Rh3 1-0

[Event "Moncada Cup-A"]
[Site "Santiago de Cuba"]
[Date "2019.03.22"]
[Round "3.3"]
[White "Campos Jimenez, Augusto Cesar"]
[Black "Diaz Murgada, Rider"]
[Result "1-0"]
[WhiteElo "2385"]
[BlackElo "2443"]
[PlyCount "91"]
[EventDate "2019.03.20"]
[EventType "tourn"]
[EventRounds "10"]
[EventCountry "CUB"]
[EventCategory "7"]
[SourceTitle "EXT 2023"]
[Source "ChessBase"]
[SourceDate "2022.10.05"]
[SourceVersion "1"]
[SourceVersionDate "2022.10.05"]
[SourceQuality "1"]

1. e4 c5 2. c3 d5 3. exd5 Qxd5 4. d4 Nf6 5. Nf3 Bf5 6. Na3 Nc6 7. Be3 cxd4 8. Nb5 Rc8 9. Nbxd4 Nxd4 10. Nxd4 Bd7 11. Qb3 a6 12. Be2 e5 13. Nf3 Qxb3 14. axb3 Ng4 15. Ba7 f6 16. Nd2 Nh6 17. Nc4 Ra8 18. Bb6 Nf7 19. 0-0-0 Be7 20. Bf3 Bc6 21. Bxc6+ bxc6 22. b4 Bd8 23. Bxd8 Rxd8 24. Kc2 Ra8 25. Nd6+ Kf8 26. Nxf7 Kxf7 27. Rd7+ Kg6 28. Ra1 Rhb8 29. Ra5 h5 30. Rc5 Rb6 31. Rc7 h4 32. h3 Rh8 33. R7xc6 Rxc6 34. Rxc6 Ra8 35. c4 Kf5 36. Rd6 Kf4 37. c5 e4 38. Kc3 Ke5 39. Kc4 f5 40. Rd7 g5 41. c6 f4 42. c7 Rc8 43. Kc5 e3 44. fxe3 fxe3 45. Kc6 Kf4 46. Re7 1-0

[Event "Adelquis Remon Memorial-A"]
[Site "Holguin"]
[Date "2018.12.02"]
[Round "5.2"]
[White "Diaz Murgada, Rider"]
[Black "Martinez Ramirez, Lennis"]
[Result "0-1"]
[WhiteElo "2455"]
[BlackElo "2405"]
[PlyCount "88"]
[EventDate "2018.11.30"]
[EventType "tourn"]
[EventRounds "10"]
[EventCountry "CUB"]
[EventCategory "8"]
[SourceTitle "EXT 2023"]
[Source "ChessBase"]
[SourceDate "2022.10.05"]
[SourceVersion "1"]
[SourceVersionDate "2022.10.05"]
[SourceQuality "1"]

1. d4 d6 2. Nf3 Nd7 3. c4 e5 4. Nc3 Ngf6 5. e4 g6 6. Be2 exd4 7. Nxd4 Bg7 8. 0-0 0-0 9. Bg5 Nc5 10. f3 c6 11. Kh1 a5 12. Qd2 a4 13. Rfd1 Qa5 14. Bf4 Ne8 15. Rab1 f5 16. exf5 Bxd4 17. Qxd4 Bxf5 18. Bh6 Bxb1 19. Bxf8 Bc2 20. Rc1 Ne6 21. Qe3 Nxf8 22. Rxc2 a3 23. b3 Nf6 24. Qf4 Kf7 25. Bf1 Ne6 26. Qxd6 Rd8 27. Qg3 Nd4 28. Rc1 Qf5 29. Qe1 Qf4 30. Rd1 Nxf3 31. gxf3 Qxf3+ 32. Bg2 Qxc3 33. Qxc3 Rxd1+ 34. Bf1 Rxf1+ 35. Kg2 Rf2+ 36. Kh3 g5 37. Qb4 h5 38. Qxb7+ Kg6 39. Qxc6 Rxa2 40. Qa8 h4 41. c5 Rc2 42. c6 a2 43. c7 g4+ 44. Kxh4 Rc3 0-1

[Event "Holguin Oriental zt"]
[Site "Holguin"]
[Date "2018.11.28"]
[Round "11"]
[White "Alvarez Calzadilla, Jose Avelino"]
[Black "Diaz Murgada, Rider"]
[Result "1/2-1/2"]
[WhiteElo "2286"]
[BlackElo "2455"]
[PlyCount "75"]
[EventDate "2018.11.19"]
[EventType "tourn"]
[EventRounds "11"]
[EventCountry "CUB"]
[EventCategory "4"]
[SourceTitle "EXT 2021"]
[Source "ChessBase"]
[SourceDate "2020.10.23"]
[SourceVersion "1"]
[SourceVersionDate "2020.10.23"]
[SourceQuality "1"]

1. e4 e5 2. Nf3 Nc6 3. Bb5 Nf6 4. 0-0 Nxe4 5. Re1 Nd6 6. Nxe5 Be7 7. Bf1 Nf5 8. Nf3 0-0 9. d4 d5 10. c3 Bd6 11. Bd3 Re8 12. Rxe8+ Qxe8 13. Qc2 g6 14. Nbd2 Nce7 15. Nf1 f6 16. Bd2 Be6 17. Re1 Qd7 18. Ne3 c6 19. Ng4 Kg7 20. h3 h5 21. Ne3 Re8 22. Nxf5+ Bxf5 23. Nh4 Bxd3 24. Qxd3 Kf7 25. b3 Rg8 26. Re2 Nf5 27. Nxf5 Qxf5 28. Qxf5 gxf5 29. Kf1 b6 30. Re3 Rc8 31. Rf3 Kg6 32. Bf4 Bf8 33. Re3 Kf7 34. Ke2 c5 35. dxc5 bxc5 36. Rd3 Ke6 37. Re3+ Kf7 38. Rd3 1/2-1/2

[Event "Holguin Oriental zt"]
[Site "Holguin"]
[Date "2018.11.19"]
[Round "1"]
[White "Diaz Murgada, Rider"]
[Black "Martinez Ramirez, Lennis"]
[Result "0-1"]
[WhiteElo "2455"]
[BlackElo "2405"]
[PlyCount "54"]
[EventDate "2018.11.19"]
[EventType "tourn"]
[EventRounds "11"]
[EventCountry "CUB"]
[EventCategory "4"]
[SourceTitle "EXT 2021"]
[Source "ChessBase"]
[SourceDate "2020.10.23"]
[SourceVersion "1"]
[SourceVersionDate "2020.10.23"]
[SourceQuality "1"]

1. d4 Nf6 2. c4 c6 3. Nf3 d5 4. e3 Bf5 5. Nc3 e6 6. Nh4 Bg6 7. Bd2 Nbd7 8. Nxg6 hxg6 9. Qb3 Rb8 10. cxd5 exd5 11. h3 Bd6 12. 0-0-0 b5 13. Kb1 0-0 14. f3 Re8 15. Bc1 Qa5 16. g4 Nb6 17. Bd3 b4 18. Ne2 Nfd7 19. e4 c5 20. exd5 Rec8 21. dxc5 Nxc5 22. Qc2 Nxd5 23. Qc4 Nxd3 24. Qxd3 Nc3+ 25. Nxc3 bxc3 26. Qxd6 c2+ 27. Ka1 Rd8 0-1

[Event "Francisco Martinez 8th tt"]
[Site "Santa Clara"]
[Date "2018.08.21"]
[Round "10.3"]
[White "Diaz Perez, Michel Alejandro"]
[Black "Diaz Murgada, Rider"]
[Result "0-1"]
[WhiteElo "2439"]
[BlackElo "2444"]
[PlyCount "140"]
[EventDate "2018.08.16"]
[EventType "team-tourn"]
[EventRounds "10"]
[EventCountry "CUB"]
[EventCategory "8"]
[SourceTitle "EXT 2021"]
[Source "ChessBase"]
[SourceDate "2020.10.23"]
[SourceVersion "1"]
[SourceVersionDate "2020.10.23"]
[SourceQuality "1"]

1. e4 e5 2. Nf3 Nc6 3. Bb5 Nf6 4. d3 Bc5 5. c3 0-0 6. 0-0 d6 7. h3 Ne7 8. d4 Bb6 9. Bd3 Ng6 10. Re1 Re8 11. Nbd2 exd4 12. cxd4 d5 13. e5 Nh5 14. Nb3 Nhf4 15. Bf1 Bf5 16. Be3 f6 17. Qd2 Ne6 18. exf6 Qxf6 19. Ne5 Rad8 20. Rad1 Nxe5 21. dxe5 Qg6 22. Bxb6 axb6 23. Re3 c5 24. Rg3 Qh5 25. Be2 Qh4 26. Bg4 Rf8 27. Qe2 Nf4 28. Qe3 Bc2 29. e6 Rde8 30. Re1 h5 31. Bf3 Qf6 32. Qe5 Qxe5 33. Rxe5 Rf5 34. Rg5 Nxh3+ 35. gxh3 Rxf3 36. Nd2 Rd3 37. Rxd5 Rxe6 38. Rxh5 Re1+ 39. Kg2 Re2 40. Nf3 Rxd5 41. Rxd5 Be4 42. Rd8+ Kh7 43. Kg3 Bxf3 44. Kxf3 Rxb2 45. a4 Ra2 46. Rd7 Rxa4 47. Rxb7 Rb4 48. Rc7 Kg6 49. h4 Kh6 50. h5 g6 51. hxg6 Kxg6 52. Ke3 Kf5 53. Rc6 Ke5 54. Rh6 Rb3+ 55. Kd2 Kd5 56. Kc2 c4 57. Rh5+ Kc6 58. Rh6+ Kc5 59. f4 Rf3 60. Rf6 b5 61. Rf8 Kb4 62. f5 Rf2+ 63. Kd1 c3 64. Ke1 Rf4 65. f6 Kb3 66. f7 b4 67. Ke2 c2 68. Rc8 Rxf7 69. Kd2 Rd7+ 70. Ke2 Rd1 0-1

[Event "Francisco Martinez 8th tt"]
[Site "Santa Clara"]
[Date "2018.08.20"]
[Round "9.1"]
[White "Diaz Murgada, Rider"]
[Black "Borges Feria, Yasel"]
[Result "1/2-1/2"]
[WhiteElo "2444"]
[BlackElo "2428"]
[PlyCount "136"]
[EventDate "2018.08.16"]
[EventType "team-tourn"]
[EventRounds "10"]
[EventCountry "CUB"]
[EventCategory "8"]
[SourceTitle "EXT 2021"]
[Source "ChessBase"]
[SourceDate "2020.10.23"]
[SourceVersion "1"]
[SourceVersionDate "2020.10.23"]
[SourceQuality "1"]

1. d4 Nf6 2. c4 e6 3. g3 Bb4+ 4. Bd2 c5 5. Bxb4 cxb4 6. Bg2 0-0 7. e4 d6 8. Ne2 e5 9. a3 bxa3 10. Nxa3 exd4 11. Nb5 a6 12. Nbxd4 Re8 13. f3 Bd7 14. 0-0 Qc7 15. Qd2 Nc6 16. Rac1 Nxd4 17. Nxd4 Rad8 18. Rfd1 Re5 19. Kh1 Qb8 20. Ne2 Ba4 21. Re1 Rc8 22. b3 Bc6 23. Red1 Rd8 24. Nd4 Bd7 25. Rc3 Rc5 26. Rd3 Ne8 27. Nc2 Be6 28. Rd4 Qc7 29. Ne3 a5 30. f4 f6 31. Nd5 Bxd5 32. Rxd5 b6 33. e5 Rxd5 34. Qxd5+ Kf8 35. Be4 Ke7 36. Qg8 dxe5 37. Bd5 Rd7 38. Re1 Kd8 39. fxe5 fxe5 40. Qxh7 Re7 41. Bg2 Nf6 42. Rd1+ Kc8 43. Qf5+ Kb8 44. g4 e4 45. g5 Ne8 46. Bxe4 Nd6 47. Qf8+ Re8 48. Qxd6 Rxe4 49. Qd8+ Qxd8 50. Rxd8+ Kc7 51. Rf8 Kd6 52. Rf7 g6 53. Rf6+ Re6 54. Kg2 Rxf6 55. gxf6 Ke6 56. Kf3 Kxf6 57. Kf4 Ke6 58. Kg5 Kf7 59. Kh6 Kf6 60. h4 Kf5 61. Kg7 g5 62. hxg5 Kxg5 63. Kf7 Kf5 64. Ke7 Ke5 65. Kd7 Kd4 66. Kc6 Kc3 67. Kxb6 Kxb3 68. c5 a4 1/2-1/2

[Event "Francisco Martinez 8th tt"]
[Site "Santa Clara"]
[Date "2018.08.16"]
[Round "2.2"]
[White "Diaz Murgada, Rider"]
[Black "Fernandez de La Vara, Arnaldo"]
[Result "1/2-1/2"]
[WhiteElo "2444"]
[BlackElo "2499"]
[PlyCount "22"]
[EventDate "2018.08.16"]
[EventType "team-tourn"]
[EventRounds "10"]
[EventCountry "CUB"]
[EventCategory "8"]
[SourceTitle "EXT 2021"]
[Source "ChessBase"]
[SourceDate "2020.10.23"]
[SourceVersion "1"]
[SourceVersionDate "2020.10.23"]
[SourceQuality "1"]

1. e4 e5 2. Nf3 Nc6 3. Bc4 Nf6 4. d3 Be7 5. Nc3 0-0 6. 0-0 a6 7. a4 d6 8. h3 Be6 9. Bxe6 fxe6 10. d4 exd4 11. Nxd4 Qd7 1/2-1/2

[Event "Guillermo Garcia Memorial-C 27th"]
[Site "Santa Clara"]
[Date "2018.05.31"]
[Round "9"]
[White "Diaz Murgada, Rider"]
[Black "Garcia Fuentes, Sergio Miguel"]
[Result "1-0"]
[WhiteElo "2435"]
[BlackElo "2158"]
[PlyCount "21"]
[EventDate "2018.05.22"]
[EventType "tourn"]
[EventRounds "9"]
[EventCountry "CUB"]
[EventCategory "3"]
[SourceTitle "CBM 184 Extra"]
[Source "ChessBase"]
[SourceDate "2018.06.28"]
[SourceVersion "1"]
[SourceVersionDate "2018.06.28"]
[SourceQuality "1"]

1. e4 e6 2. d4 d5 3. Nc3 dxe4 4. Nxe4 Nd7 5. Nf3 Ngf6 6. Bd3 Be7 7. 0-0 0-0 8. Qe2 b6 9. Nxf6+ Bxf6 10. Qe4 g6 11. Qxa8 1-0

[Event "Guillermo Garcia Memorial-C 27th"]
[Site "Santa Clara"]
[Date "2018.05.26"]
[Round "5"]
[White "Fernandez Guillen, Ernesto J"]
[Black "Diaz Murgada, Rider"]
[Result "1/2-1/2"]
[WhiteElo "2410"]
[BlackElo "2435"]
[PlyCount "90"]
[EventDate "2018.05.22"]
[EventType "tourn"]
[EventRounds "9"]
[EventCountry "CUB"]
[EventCategory "3"]
[SourceTitle "CBM 184 Extra"]
[Source "ChessBase"]
[SourceDate "2018.06.28"]
[SourceVersion "1"]
[SourceVersionDate "2018.06.28"]
[SourceQuality "1"]

1. e4 e5 2. Nf3 Nc6 3. d4 exd4 4. Nxd4 Nf6 5. Nxc6 bxc6 6. e5 Qe7 7. Qe2 Nd5 8. c4 Ba6 9. b3 g6 10. Bb2 Bg7 11. Nd2 0-0 12. 0-0-0 Nb6 13. Nf3 Rae8 14. Qd2 Bb7 15. Bd3 d5 16. exd6 cxd6 17. Rhe1 Bxb2+ 18. Qxb2 Qc7 19. Qf6 d5 20. Qh4 dxc4 21. Ng5 h5 22. Ne4 Re6 23. Bb1 Nd7 24. bxc4 c5 25. Ng5 Rxe1 26. Rxe1 Qa5 27. Re3 Ne5 28. Qf4 f6 29. Ne6 Rf7 30. Bxg6 Nxg6 31. Qf5 Nf8 32. Nxf8 Qxa2 33. Qg6+ Rg7 34. Qxf6 Qxc4+ 35. Rc3 Qd4 36. Qe6+ Kxf8 37. Re3 Qd7 38. Qh6 Qd5 39. Qh8+ Qg8 40. Qxh5 Qc4+ 41. Kd2 Qd4+ 42. Kc1 Qc4+ 43. Kb2 Qd4+ 44. Kc1 Qc4+ 45. Kb2 Qd4+ 1/2-1/2

[Event "Capablanca Memorial op 53rd"]
[Site "Havana"]
[Date "2018.05.13"]
[Round "5"]
[White "Almeida Quintana, Omar"]
[Black "Diaz Murgada, Rider"]
[Result "1-0"]
[WhiteElo "2521"]
[BlackElo "2435"]
[PlyCount "89"]
[EventDate "2018.05.09"]
[EventType "swiss"]
[EventRounds "10"]
[EventCountry "CUB"]
[SourceTitle "EXT 2021"]
[Source "ChessBase"]
[SourceDate "2020.10.23"]
[SourceVersion "1"]
[SourceVersionDate "2020.10.23"]
[SourceQuality "1"]

1. d4 Nf6 2. Nf3 g6 3. Bf4 Bg7 4. c3 0-0 5. e3 d6 6. h3 b6 7. a4 Bb7 8. Nbd2 c5 9. Be2 cxd4 10. exd4 a6 11. 0-0 Nbd7 12. Re1 Nd5 13. Bh2 Bh6 14. Qb3 Bf4 15. c4 Bxh2+ 16. Kxh2 N5f6 17. a5 e5 18. dxe5 dxe5 19. axb6 e4 20. Nd4 Nxb6 21. Qe3 a5 22. Kg1 Nbd7 23. Nb5 Qe7 24. Nb1 Qc5 25. Bf1 Rfd8 26. Rd1 a4 27. N1c3 Qb4 28. Qd4 Bc6 29. Qd6 Qxd6 30. Rxd6 Bxb5 31. cxb5 Kf8 32. Rxa4 Rxa4 33. Nxa4 Ke7 34. Rd4 Ne5 35. Rb4 Kd6 36. b6 Nc6 37. Rc4 Rb8 38. b4 Ne5 39. Rd4+ Ke7 40. Ba6 Rd8 41. b7 Nc6 42. Rc4 Nb8 43. Bb5 Rd5 44. Nc3 Rd6 45. Rc8 1-0

[Event "Adelquis Remon Memorial-A"]
[Site "Holguin"]
[Date "2017.11.05"]
[Round "6.3"]
[White "De la Fe Almeida, Enmanuel Jesus"]
[Black "Diaz Murgada, Rider"]
[Result "1/2-1/2"]
[WhiteElo "2307"]
[BlackElo "2448"]
[PlyCount "76"]
[EventDate "2017.11.02"]
[EventType "tourn"]
[EventRounds "10"]
[EventCountry "CUB"]
[EventCategory "6"]
[SourceTitle "EXT 2023"]
[Source "ChessBase"]
[SourceDate "2022.10.05"]
[SourceVersion "1"]
[SourceVersionDate "2022.10.05"]
[SourceQuality "1"]

1. Nf3 d5 2. g3 g6 3. Bg2 Bg7 4. 0-0 e5 5. d3 Ne7 6. Na3 0-0 7. c4 Nbc6 8. cxd5 Nxd5 9. Bg5 f6 10. Bd2 Be6 11. Nc4 Qd7 12. Rc1 Rfd8 13. Re1 Kh8 14. a3 Nb6 15. Na5 Nxa5 16. Bxa5 Qf7 17. Qc2 Rac8 18. Nd2 Nd5 19. Ne4 b6 20. Bd2 Ne7 21. b4 Bb3 22. Qb2 Nf5 23. Bh3 Be6 24. Bc3 Nd6 25. Nxd6 cxd6 26. Bxe6 Qxe6 27. Bd2 h5 28. Rxc8 Rxc8 29. Rc1 Rxc1+ 30. Qxc1 Kh7 31. Qc4 d5 32. Qc7 d4 33. Qc4 Qd7 34. b5 h4 35. Qc6 Qf7 36. Qc4 Qd7 37. Qc6 Qf7 38. Qc4 Qd7 1/2-1/2

[Event "Adelquis Remon Memorial-A"]
[Site "Holguin"]
[Date "2017.11.03"]
[Round "3.2"]
[White "Diaz Murgada, Rider"]
[Black "Martinez Ramirez, Lennis"]
[Result "0-1"]
[WhiteElo "2448"]
[BlackElo "2394"]
[PlyCount "104"]
[EventDate "2017.11.02"]
[EventType "tourn"]
[EventRounds "10"]
[EventCountry "CUB"]
[EventCategory "6"]
[SourceTitle "EXT 2023"]
[Source "ChessBase"]
[SourceDate "2022.10.05"]
[SourceVersion "1"]
[SourceVersionDate "2022.10.05"]
[SourceQuality "1"]

1. d4 c5 2. d5 g6 3. e4 Bg7 4. Nf3 d6 5. Nc3 Bg4 6. Be2 Nd7 7. 0-0 Ngf6 8. Bg5 0-0 9. Nd2 Bxe2 10. Qxe2 Qb6 11. Nc4 Qa6 12. a4 Nb6 13. Nb5 Nxc4 14. Qxc4 Qa5 15. Rfe1 h6 16. Bh4 g5 17. Bg3 Nh5 18. c3 a6 19. Na3 Rfb8 20. Qb3 b5 21. Qd1 Nxg3 22. hxg3 Qc7 23. Rc1 bxa4 24. Re2 Rb3 25. Nc4 Rab8 26. Ra1 Qd7 27. Rd2 g4 28. Qe2 h5 29. Na5 R3b6 30. Nc6 Rxc6 31. dxc6 Qxc6 32. Qc4 Bh6 33. Rc2 Qb5 34. Qxa4 Qd3 35. Re1 c4 36. Ree2 Rb5 37. Qxa6 Re5 38. Kh2 Kg7 39. b4 f5 40. b5 h4 41. gxh4 f4 42. Qc8 g3+ 43. fxg3 Qxg3+ 44. Kh1 Rxb5 45. Rc1 f3 46. gxf3 Rh5 47. Rcc2 Qxh4+ 48. Kg1 Be3+ 49. Rxe3 Qh1+ 50. Kf2 Rh2+ 51. Kg3 Qg1+ 52. Kf4 e5+ 0-1

[Event "Adelquis Remon Memorial-A"]
[Site "Holguin"]
[Date "2017.11.03"]
[Round "4.3"]
[White "Quesada Vera, Liordis"]
[Black "Diaz Murgada, Rider"]
[Result "1/2-1/2"]
[WhiteElo "2391"]
[BlackElo "2448"]
[PlyCount "90"]
[EventDate "2017.11.02"]
[EventType "tourn"]
[EventRounds "10"]
[EventCountry "CUB"]
[EventCategory "6"]
[SourceTitle "EXT 2023"]
[Source "ChessBase"]
[SourceDate "2022.10.05"]
[SourceVersion "1"]
[SourceVersionDate "2022.10.05"]
[SourceQuality "1"]

1. Nf3 d5 2. g3 g6 3. Bg2 Bg7 4. d4 Nf6 5. c4 c6 6. 0-0 0-0 7. Qa4 Bf5 8. Nc3 Nbd7 9. Qb3 Qb6 10. cxd5 Qxb3 11. axb3 Nxd5 12. Nxd5 cxd5 13. Bg5 h6 14. Bd2 a6 15. Ra5 e6 16. Bc3 Nb8 17. b4 Nc6 18. Rc5 Be4 19. Rd1 Na7 20. Ne5 Bxg2 21. Kxg2 Nb5 22. e3 Rfc8 23. Nd7 Rd8 24. Nb6 Rab8 25. Be1 Bf8 26. Rc2 Na7 27. Rd3 Rd6 28. Na4 Rc6 29. Nc5 Nb5 30. Rd1 Bd6 31. Rcc1 Rbc8 32. Bd2 R6c7 33. Kf1 b6 34. Nd7 Rxc1 35. Rxc1 Rxc1+ 36. Bxc1 Bc7 37. Ke2 Kg7 38. Ne5 f6 39. Nf3 Bd6 40. Bd2 Na7 41. Ne1 Nc6 42. Nc2 h5 43. f4 g5 44. h3 gxf4 45. exf4 f5 1/2-1/2

[Event "Adelquis Remon Memorial-A"]
[Site "Holguin"]
[Date "2017.11.02"]
[Round "1.3"]
[White "Diaz Murgada, Rider"]
[Black "De la Fe Almeida, Enmanuel Jesus"]
[Result "1-0"]
[WhiteElo "2448"]
[BlackElo "2307"]
[PlyCount "105"]
[EventDate "2017.11.02"]
[EventType "tourn"]
[EventRounds "10"]
[EventCountry "CUB"]
[EventCategory "6"]
[SourceTitle "EXT 2023"]
[Source "ChessBase"]
[SourceDate "2022.10.05"]
[SourceVersion "1"]
[SourceVersionDate "2022.10.05"]
[SourceQuality "1"]

1. d4 Nf6 2. Nc3 g6 3. e4 d6 4. Bf4 c6 5. Qd2 b5 6. e5 dxe5 7. dxe5 Qxd2+ 8. Bxd2 Ng4 9. f4 Nh6 10. g3 a6 11. Bg2 Bg7 12. Nge2 Nf5 13. a4 b4 14. Nd1 a5 15. Ne3 0-0 16. Nxf5 Bxf5 17. Nd4 Rc8 18. Be3 Bd7 19. 0-0-0 Ra6 20. Nb3 Bg4 21. Rd2 Nd7 22. h3 Be6 23. Rhd1 Rc7 24. Nc5 Nxc5 25. Rd8+ Bf8 26. Bxc5 Bd5 27. Bf1 Raa7 28. Bxa7 Rxa7 29. Rd2 e6 30. Bg2 Kg7 31. Bxd5 cxd5 32. Rc8 Be7 33. Rd3 Rd7 34. Rc6 g5 35. Ra6 Bd8 36. f5 exf5 37. Rd6 Rxd6 38. exd6 Kf6 39. Rxd5 Ke6 40. Rd3 Kd7 41. c4 bxc3 42. bxc3 Bb6 43. Kd1 g4 44. hxg4 fxg4 45. Ke2 f5 46. c4 f4 47. gxf4 h5 48. Rd5 h4 49. c5 Bd8 50. Rg5 g3 51. Kf3 Bf6 52. Rg6 Bd8 53. f5 1-0